000 00688nam a22002177a 4500
999 _c1552
_d1552
003 AR-CdUCM
008 190227b ||||| |||| 00| 0 spa d
020 _a8472324060
040 _aMUNICIPALIDAD PROVINCIAL DEL CUSCO
_cBIBLIOTECA MUNICIPAL DEL CUSCO
082 _a869.3 /
_bD68
100 _aDíaz Casanueva, Humberto
_95826
245 _aAntología poética /
260 _aMadrid :
_bEdiciones Cultura Hispánica,
_c1986.
300 _a225 páginas ;
_c20 cm.
505 _aContiene: Notas -- Cronología -- Bibliografía.
650 _aPoesía chilena
_95520
650 _aAutores chilenos
_95827
650 _aLiteratura hispánica
_95828
942 _2ddc
_cLIBROS
945 _azta